LEADER 01098nam a2200229 i 4500 001 000000147542 003 CaOOAMICUS 005 20060204000000.0 008 060204s1895 it u000 u ita u 013 $a124764 040 $aSeMil$bita 100 1 $aMagistretti, Marco,$d<1862-1921>.$0(OLS)http://semarc/name/3964 245 10$aCenni sul rito ambrosiano :$bpubblicati in occasione del 13 Congresso Eucaristico /$cdal Dott. Marco Magistretti, maestro delle SS. Cerimonie e Prefetto del capitolo dei Beneff. Officiali nella metropolitana di Milano. 260 $aMilano :$bL. F. Cogliati,$c1895. 300 $a70 p. ;$c24 cm. 500 $aContiene : Appendice. 650 4$aRito ambrosiano.$0(OLS)http://semarc/subject/2295 850 $aSeMil 852 $aSeMil$W1$xVenegono$y1$m448 9 *$j100091$B100091$CSeMilBibl$Z2$F108632 $81 961 $aRecupero: Biblioteca Seminario Saronno 996 $6245$aCenni sul rito ambrosiano :$bpubblicati in occasione del 13 Congresso Eucaristico$9(OLS)http://semarc/title/215705 996 $6260$aMilano :$bL. F. Cogliati$9(OLS)http://semarc/publisher/29949 LEADER 00649nab a2200157 i 4500 001 000000292321 003 CaOOAMICUS 005 20190730125638.0 008 180126t2017 it zu u0 a0ita r 013 $a48184 040 $aSeMil$bita 245 00$a3. Concorso di Composizione "Comm. Vittorio e Vinicio Carrara" 2018 [Regolamento + scheda d'iscrizione]. 500 $aInserto redazionale. 773 0 $t[2017].$dBergamo : Ed. Carrara, copyr. 2017.$g[N° 5-6/Inserto allegato]$w()255602 996 $6245$a3. Concorso di Composizione "Comm. Vittorio e Vinicio Carrara" 2018 [Regolamento + scheda d'iscrizione]$9(OLS)http://semarc/title/415399